Ross and Wilson anatomy and physiology in health and illness. -- 11th ed. (Record no. 80260)

MARC details
000 -LEADER
fixed length control field 01868nam a2200301 a 4500
008 - FIXED-LENGTH DATA ELEMENTS--GENERAL INFORMATION
fixed length control field 120924s2010 ||||||||||||||||| || u
020 ## - INTERNATIONAL STANDARD BOOK NUMBER
International Standard Book Number 9780702032288
050 ## - LIBRARY OF CONGRESS CALL NUMBER
Classification number RT 69 Wau
100 ## - MAIN ENTRY--PERSONAL NAME
Personal name Allison, Grant
245 10 - TITLE STATEMENT
Title Ross and Wilson anatomy and physiology in health and illness. -- 11th ed.
Statement of responsibility, etc. by Anne Waught and Allison Grant
250 ## - EDITION STATEMENT
Edition statement 11th ed.
260 ## - PUBLICATION, DISTRIBUTION, ETC.
Place of publication, distribution, etc. London:
Name of publisher, distributor, etc. Elsevier
Date of publication, distribution, etc. 2010
300 ## - PHYSICAL DESCRIPTION
Extent xii, 495p.: ill.
350 ## -
-- 59.95
650 #3 - SUBJECT ADDED ENTRY--TOPICAL TERM
Topical term or geographic name entry element ANATOMY
650 #0 - SUBJECT ADDED ENTRY--TOPICAL TERM
Topical term or geographic name entry element HUMAN ANATOMY
650 ## - SUBJECT ADDED ENTRY--TOPICAL TERM
Topical term or geographic name entry element NURSING--HANDBOOKS, MANUALS, ETC
650 #0 - SUBJECT ADDED ENTRY--TOPICAL TERM
Topical term or geographic name entry element PATHOLOGY
650 #0 - SUBJECT ADDED ENTRY--TOPICAL TERM
Topical term or geographic name entry element HUMAN PHYSIOLOGY
700 ## - ADDED ENTRY--PERSONAL NAME
Personal name Waugh, Anne
995 ## -
-- MEDICAL LIBRARY OPEN ACCESS
-- 902304
-- CBU-SCHOOL OF MEDICINE LIBRARY (Ndola)
-- RT 69 Wau
-- 3
-- AVAILABLE
-- Aug 22, 2013
-- 902304
-- Medical Library Open Access Collection
995 ## -
-- MAIN LIBRARY OPEN ACCESS
-- 743377
-- CBU-MAIN LIBRARY (Kitwe)
-- RT 69 Wau
-- 2
-- AVAILABLE
-- Oct 5, 2012
-- 743377
-- Main Library Open Access Collection
995 ## -
-- MEDICAL LIBRARY OPEN ACCESS
-- 902642
-- CBU-SCHOOL OF MEDICINE LIBRARY (Ndola)
-- 59.95
-- RT 69 Wau
-- 4
-- AVAILABLE
-- Feb 17, 2015
-- 902642
-- Medical Library Open Access Collection
995 ## -
-- MEDICAL LIBRARY OPEN ACCESS
-- 902645
-- CBU-SCHOOL OF MEDICINE LIBRARY (Ndola)
-- 59.95
-- RT 69 Wau
-- 7
-- AVAILABLE
-- Feb 17, 2015
-- 902645
-- Medical Library Open Access Collection
995 ## -
-- MEDICAL LIBRARY OPEN ACCESS
-- 902643
-- CBU-SCHOOL OF MEDICINE LIBRARY (Ndola)
-- 59.95
-- RT 69 Wau
-- 5
-- AVAILABLE
-- Feb 17, 2015
-- 902643
-- Medical Library Open Access Collection
995 ## -
-- MAIN LIBRARY OPEN ACCESS
-- 743376
-- CBU-MAIN LIBRARY (Kitwe)
-- RT 69 Wau
-- 1
-- AVAILABLE
-- Oct 5, 2012
-- 743376
-- Main Library Open Access Collection
995 ## -
-- MEDICAL LIBRARY OPEN ACCESS
-- 902644
-- CBU-SCHOOL OF MEDICINE LIBRARY (Ndola)
-- 59.95
-- RT 69 Wau
-- 6
-- AVAILABLE
-- Feb 17, 2015
-- 902644
-- Medical Library Open Access Collection
999 ## -
-- 80260
-- 80260
Holdings
Withdrawn status Lost status Source of classification or shelving scheme Damaged status Not for loan Permanent Location Current Location Shelving location Date acquired Total Checkouts Full call number Barcode Date last seen Copy number Price effective from Koha item type Date last checked out
          CBU-MAIN LIBRARY, KITWE. CBU-MAIN LIBRARY, KITWE.   06/29/2023 2 RT 69 Wau 743377 04/27/2026 2 06/29/2023 MONOGRAPH 04/10/2026
          CBU-MAIN LIBRARY, KITWE. CBU-MAIN LIBRARY, KITWE.   06/29/2023 1 RT 69 Wau 743376 04/22/2026 6 06/29/2023 MONOGRAPH 04/10/2026
          CBU-SCHOOL OF MEDICINE LIBRARY, NDOLA. CBU-SCHOOL OF MEDICINE LIBRARY, NDOLA.   06/29/2023   RT 69 Wau 902304 06/29/2023 1 06/29/2023 MONOGRAPH  
          CBU-SCHOOL OF MEDICINE LIBRARY, NDOLA. CBU-SCHOOL OF MEDICINE LIBRARY, NDOLA.   06/29/2023   RT 69 Wau 902642 06/29/2023 3 06/29/2023 MONOGRAPH  
          CBU-SCHOOL OF MEDICINE LIBRARY, NDOLA. CBU-SCHOOL OF MEDICINE LIBRARY, NDOLA.   06/29/2023   RT 69 Wau 902645 06/29/2023 4 06/29/2023 MONOGRAPH  
          CBU-SCHOOL OF MEDICINE LIBRARY, NDOLA. CBU-SCHOOL OF MEDICINE LIBRARY, NDOLA.   06/29/2023   RT 69 Wau 902643 06/29/2023 5 06/29/2023 MONOGRAPH  
          CBU-SCHOOL OF MEDICINE LIBRARY, NDOLA. CBU-SCHOOL OF MEDICINE LIBRARY, NDOLA.   06/29/2023   RT 69 Wau 902644 06/29/2023 7 06/29/2023 MONOGRAPH